000 00812cam a2200229 4500
001 E09455
008 000000n2000 000 0 eng u
035 _a(Sirsi) u107794
041 _aeng
050 _a333.72
110 _aUnited Kingdom
_bDepartment of the Environment, Transport and the Regions
_93507
245 _aBuilding a better quality of life
_ba strategy for more sustainable construction
_h[electronic resource]
260 _aLondon
_bDETR
_c2000
300 _a33p. ; 30cm.
350 _a0
650 _aENVIRONMENTALLY FRIENDLY BUILDINGS
650 _aSUSTAINABLE CONSTRUCTION
650 _aSUSTAINABLE DEVELOPMENT
690 _aBUILDING AND CONSTRUCTION-SUSTAINABLE
856 4 0 _uhttps://www.bis.gov.uk/files/file13547.pdf
_zView this item free of charge at www.bis.gov.uk
942 _n0
999 _c100718
_d100718